00647nam a2200229 a 4500001001300000003000900013005001700022008004100039020000900080082001600089100002400105245002000129260004000149300000900189500003500198505002800233650003000261902000800291942000700299952009600306999001500402nice12345678IN_TiNIC20260116012911.0050524s1985 boma grp 000 0 eng  ac3400a297.4bMAN1 aManeri, Sharafuddin aHundred Letters aBombaybBetter Yourself Booksc1985 a458p aincludes index and biblioraphy2 aIndex to preface, notes aSufism-Sharafuddin Maneri bSRS cBK 00104070aHMIbHMId2007-09-18g34.00l0o297.4 MAN1p012058r2007-09-18w2026-01-16yEB c8814d8814